El Seminario Teológico Hispanoamericano (1953-1966) (Registro nro. 1602)

Detalles MARC
000 -CABECERA
Longitud fija campo de control 00646nam a2200193 b 4500
001 - NÚMERO DE CONTROL
Número de control bimo0001601694
003 - IDENTIFICADOR DELl NÚMERO DE CONTROL
Identificador del número de control OSt
005 - FECHA Y HORA DE LA ÚLTIMA TRANSACCIÓN
Fecha y hora de la última transacción 20140311213003.0
008 - CÓDIGOS DE INFORMACIÓN DE LONGITUD FIJA
Códigos de información de longitud fija 000925s2000 sp | ||| ||spa
020 ## - NÚMERO INTERNACIONAL NORMALIZADO PARA LIBROS
Número Internacional Normalizado para Libros (ISBN) 84-7914-480-7
040 ## - FUENTE DE LA CATALOGACIÓN
Centro catalogador de origen SpMaBN
Centro transcriptor BMC
082 ## - NÚMERO DE LA CLASIFICACIÓN DECIMAL DEWEY
Númeroo de clasificación 207.114641
100 ## - PUNTO DE ACCESO PRINCIPAL-NOMBRE DE PERSONA
9 (RLIN) 2529
Nombre de persona Andrés Martín, Melquíades
245 13 - MENCIÓN DE TÍTULO
Título El Seminario Teológico Hispanoamericano (1953-1966)
Resto del título : historia, memorias, documentos
Mención de responsabilidad, etc. Melquíades Andrés Martín
260 0# - PUBLICACIÓN, DISTRIBUCIÓN, ETC. (PIE DE IMPRENTA)
Lugar de publicación, distribución, etc. Madrid
Nombre del editor, distribuidor, etc. Biblioteca de Autores Cristianos
Fecha de publicación, distribución, etc. 2000
300 ## - DESCRIPCIÓN FÍSICA
Extensión XX, 287 p.
Dimensiones 20 cm
610 24 - PUNTO DE ACCESO ADICIONAL DE MATERIA - NOMBRE DE ENTIDAD CORPORATIVA
9 (RLIN) 2645
Nombre de entidad corporativa o nombre de jurisdicción como elemento inicial Seminario Teológico Hispanoamericano (Madrid)
Subdivisión de forma Historia
942 ## - ENTRADA DE ELEMENTOS AGREGADOS (KOHA)
Fuente de clasificaión o esquema Dewey Decimal Classification
Koha [por defecto] tipo de item 1- Monografias
Existencias
Suprimido Perdido Fuente de clasificación o esquema Estropeado Restricciones de uso No para préstamo Código de colección Localización permanente Localización actual Localización en estanter&íacute;as Fecha adquisición Fuente de adquisición Número de inventario Préstamos totales Signatura completa Código de barras Fecha última consulta Coste, precio reemplazado Fecha del precio de reemplazo Tipo de item de Koha
NULL NULL Dewey Decimal Classification NULL Prestable NULL NULL Biblioteca Miguel de Cervantes - UNICAES Biblioteca Miguel de Cervantes - UNICAES Sala Principal 22/04/2008 Donación - Conferencia Episcopal Española 001911   207.11 AND sem 1001911 20/07/2013 15.25 20/07/2013 1- Monografias